Province e territori del Canada - Statistics

Statistiche generali
  • Questo quiz è stato fatto 78 volte
  • Il punteggio medio è 8 su 13
Statistiche sulle risposte
Capoluogo Provincia / Territorio % Corretto
Québec Québec
92%
Toronto Ontario
88%
Edmonton Alberta
78%
Victoria Columbia Britannica
66%
St. John's Terranova e Labrador
63%
Yellowknife Territori del Nord-Ovest
59%
Halifax Nuova Scozia
56%
Whitehorse Yukon
56%
Winnipeg Manitoba
54%
Iqaluit Nunavut
54%
Charlottetown Isola del Principe Edoardo
53%
Regina Saskatchewan
53%
Fredericton Nuovo Brunswick
32%
Nessun quiz corrispondente trovato
Distribuzione punteggi
Percentuale di utenti per punteggio
Percentile per numero di risposta
I tuoi punteggi nel tempo
Non hai fatto questo quiz